Combating online health misinformation : a professional's guide to helping the public / edited by Alla Keselman, Catherine Arnott Smitch, and Amanda J. Wilson. (Record no. 22335)

000 -LEADER
fixed length control field 00806nam a22001937a 4500
020 ## - INTERNATIONAL STANDARD BOOK NUMBER
ISBN 9781538162217
082 ## - DEWEY DECIMAL CLASSIFICATION NUMBER
Classification number 610.1
Item number C729 2022
100 ## - MAIN ENTRY--AUTHOR NAME
Personal name
245 ## - TITLE STATEMENT
Title Combating online health misinformation : a professional's guide to helping the public / edited by Alla Keselman, Catherine Arnott Smitch, and Amanda J. Wilson.
260 ## - PUBLICATION, DISTRIBUTION, ETC. (IMPRINT)
Place of publication Lanham :
Name of publisher Rowman & Littlefield,
Year of publication c2022.
300 ## - PHYSICAL DESCRIPTION
Number of Pages 1 online resource, ix, 236 pages :
Other physical details illustrations (some color).
490 ## - SERIES STATEMENT
Series statement Medical library association books series.
500 ## - GENERAL NOTE
General note Includes bibliographical references and index.
650 ## - SUBJECT ADDED ENTRY--TOPICAL TERM
Topical Term Health - Information services
-- Medicine - Information services
700 ## - ADDED ENTRY--PERSONAL NAME
Personal name Keselman, Alla, editor.
700 ## - ADDED ENTRY--PERSONAL NAME
Personal name Smitch, Catherine Arnott, editor.
700 ## - ADDED ENTRY--PERSONAL NAME
Personal name Wilson, Amanda J., editor.
942 ## - ADDED ENTRY ELEMENTS (KOHA)
Koha item type Electronic Books
Holdings
Source of acquisition Permanent Location Date acquired Collection code Koha item type Lost status Shelving location Withdrawn status Current Location Full call number
DonationCagayan State University - Carig Library2026-04-16E-BooksElectronic Books E-Resource Section Cagayan State University - Carig Library610.1 C729 2022

Cagayan State University University Library, Carig Campus
Tuguegarao City, Cagayan 3500 | www.csucarig.edu.ph

Powered by Koha